Britannia depicta (Record no. 113444)

MARC details
000 -LEADER
fixed length control field 01265cam a22002055a 4500
001 - CONTROL NUMBER
control field L155274
008 - FIXED-LENGTH DATA ELEMENTS--GENERAL INFORMATION
fixed length control field 120314s1731 xxk f 000 0 eng d
035 ## - SYSTEM CONTROL NUMBER
System control number (Sirsi) u155274
041 0# - LANGUAGE CODE
Language code of text/sound track or separate title eng
100 1# - MAIN ENTRY--PERSONAL NAME
Personal name Ogilby, John
Dates associated with a name 1600-1676
245 00 - TITLE STATEMENT
Title Britannia depicta
Remainder of title or Ogilby improv'd; being a correct coppy of Mr. Ogilby's Actual survey of all ye direct & principal cross roads in England and Wales: ... And to render this work universally usefull & agreeable, ... are added ... 1. A full & particular description & account of all the cities, borough-towns, towns-corporate ... By Ino. Owen ... 2. The arms of the peers of this realm ... 3. The arms of all ye bishopricks & deanaries, ... 4. The arms, & a succinct account of both universities & their respective colleges, ... Lastly particular & correct maps of all ye counties of South Britain; with a summary description of each county, ... By Eman: Bowen engraver
250 ## - EDITION STATEMENT
Edition statement The fourth edition
260 ## - PUBLICATION, DISTRIBUTION, ETC.
Place of publication, distribution, etc. [London]
Name of publisher, distributor, etc. Printed & sold by Tho: Bowles in St. Pauls Ch. Yard
Date of publication, distribution, etc. 1731
300 ## - PHYSICAL DESCRIPTION
Extent [6], 273, [1] p.
Other physical details ill.
Dimensions 4o
520 ## - SUMMARY, ETC.
Summary, etc. Engraved throughout.
583 ## - ACTION NOTE
Action Condition reviewed
Time/date of action 20120620
Status condition level 1
651 #4 - SUBJECT ADDED ENTRY--GEOGRAPHIC NAME
Geographic name Great Britain
Chronological subdivision 1707-
690 ## - LOCAL SUBJECT ADDED ENTRY--TOPICAL TERM (OCLC, RLIN)
Topical term or geographic name as entry element Infrastructure
9 (RLIN) 6246
942 ## - ADDED ENTRY ELEMENTS (KOHA)
Suppress in OPAC 0
Holdings
Withdrawn status Lost status Source of classification or shelving scheme Damaged status Not for loan Home library Current library Shelving location Date acquired Total Checkouts Full call number Barcode Date last seen Copy number Price effective from Koha item type
    Dewey Decimal Classification     Historic collection Historic collection Historic collection 14/03/2012   OCTAVO 1731 OGILBY 30075840 06/08/2019 1 06/08/2019 Book